BIBLIOTHÈQUE DE LA MAISON DU MEXIQUE

Logo 1 Logo 2

Poesía náhuatl (notice nᵒ 10888)

détails MARC
000 -Sello discográfico
campo de control de longitud fija 00792nam a2200265 4500
005 - Identificación de versión
campo de control 20251017062722.0
010 ## - Número Estándar Internacional de Libros (ISBN)
Número (ISBN) 968-13-4189-9
099 ## - fechas locales
Tipo de ítem Koha LIBRO
100 ## - Datos de procesamiento general
Datos de procesamiento general 20040226d2006 m y1spay5003 ba
105 ## - Campo de datos codificados: Material textual, monográfico
Datos codificados de monografía y 001gy
200 1# - Título y mención de responsabilidad
Título propio Poesía náhuatl
Designación general del material texto impreso
Otra información del título la de ellos y la mía
Primer mención de responsabilidad Miguel León Portilla
205 ## - Declaración de edición
Declaración de edición 1a ed
210 ## - Publicación, distribución, etc.
Lugar de publicación, distribución, etc. México
Nombre del editor, distribuidor, etc. Editorial Diana
Fecha de publicación, distribución, etc. 2006
215 ## - Descripción física
Designación de material específico y extensión del ítem 179 p
Dimensiones 21 cm
345 ## - Nota de información de adquisición
Fuente de adquisición/dirección de la suscripción [OBSOLETO] Donación
606 ## - Término temático usado como materia
Elemento de entrada Poesía náhuatl
Subdivisión temática Traducciones al español
Número Koha 3034
660 ## - Código de área geográfica
Código MX
700 ## - Nombre personal - Responsabilidad primaria
Elemento de entrada León Portilla
Parte del nombre distinta del elemento de entrada Miguel
Fechas 1926-2019
Número Koha 33
900 ## -
-- 1/6656
900 ## -
-- 7100418419\260204
942 ## - ELEMENTOS DE ENTRADA SECUNDARIOS (KOHA)
Tipo de ítem Koha Livre
996 ## -
-- MEX
-- 751145101
-- MMAG
-- 003135
-- 897.452 L579PN
-- 20201007LIV
Exemplaires
Estatus retirado Estado de daño Estado de pérdida Fecha de adquisición Biblioteca de origen Biblioteca actual Ubicación en estantería Código de barras Precio de reemplazo Signatura topográfica completa No para préstamo Tipo de ítem Koha Nota pública Nota no pública
      05/08/2025 Casa México Paris Casa México Paris   003135 05/08/2025 897.452 L579PN   Livre 20201007LIV 751145101